00490nam a2200193 a 4500001001300000003000900013005001700022008004100039020002300080082001600103100001600119245002500135260003700160300000900197500003500206505001700241650002200258700001600280nice12345678IN_TiNIC20260116015038.0050524s1979 dela grp 000 0 eng  a8121624 c25000a491.43bRAO aRao, Mohini aTeach Yourself Hindi aDelhibHindi Pocket Books c1979 a169p aincludes index and biblioraphy2 aNotes, Index aHindi Course Book1 aRao, Mohini